Nazioni Squadra della stagione della UEFA Champions League - Statistics

Statistiche generali
  • Questo quiz è stato fatto 40 volte
    13 dall'ultimo reset
  • Il punteggio medio è 23 su 28
Statistiche sulle risposte
Numero apparizioni Edizioni apparizioni Continente Nazione % Corretto
10 2013-2014; 2014-2015; 2015-2016; 2016-2017; 2017-2018; 2018-2019; 2019-2020; 2020-2021 America del Sud Argentina
100%
21 2014-2015; 2015-2016; 2016-2017; 2017-2018; 2018-2019; 2019-2020; 2020-2021; 2021-2022; 2022-2023; 2023-2024 America del Sud Brasile
100%
15 2015-2016; 2016-2017; 2017-2018; 2018-2019; 2019-2020; 2020-2021; 2021-2022 Europa Francia
100%
22 2013-2014; 2014-2015; 2015-2016; 2016-2017; 2017-2018; 2018-2019; 2019-2020; 2020-2021; 2023-2024 Europa Germania
100%
12 2018-2019; 2019-2020; 2020-2021; 2021-2022; 2022-2023; 2023-2024 Europa Inghilterra
100%
10 2014-2015; 2016-2017; 2017-2018; 2020-2021; 2022-2023 Europa Italia
100%
25 2013-2014; 2014-2015; 2015-2016; 2016-2017; 2017-2018; 2019-2020; 2020-2021; 2022-2023; 2023-2024 Europa Spagna
100%
11 2017-2018; 2018-2019; 2019-2020; 2020-2021; 2021-2022; 2022-2023 Europa Belgio
91%
9 2013-2014; 2018-2019; 2019-2020; 2021-2022; 2023-2024 Europa Paesi Bassi
91%
13 2013-2014; 2015-2016; 2016-2017; 2017-2018; 2018-2019; 2020-2021; 2022-2023; 2023-2024 Europa Portogallo
91%
2 2018-2019; 2021-2022 Europa Scozia
91%
2 2014-2015; 2018-2019 Europa Serbia
91%
1 2023-2024 Europa Svizzera
91%
5 2013-2014; 2014-2015; 2015-2016 America del Sud Uruguay
91%
1 2017-2018 Africa Egitto
82%
2 2020-2021; 2022-2023 Europa Norvegia
82%
4 2015-2016; 2016-2017; 2019-2020; 2020-2021 Europa Polonia
82%
1 2013-2014 Europa Svezia
82%
4 2019-2020; 2020-2021; 2023-2024 Europa Austria
73%
1 2019-2020 America del Nord Canada
73%
1 2017-2018 America del Sud Colombia
73%
2 2018-2019; 2020-2021 Africa Senegal
73%
3 2015-2016; 2016-2017; 2019-2020 Europa Slovenia
73%
2 2016-2017; 2017-2018 Europa Bosnia ed Erzegovina
64%
1 2015-2016 Europa Galles
64%
1 2018-2019 Africa Marocco
64%
1 2017-2018 America del Nord Costa Rica
55%
7 2014-2015; 2015-2016; 2016-2017; 2017-2018; 2020-2021; 2021-2022 Europa Croazia
55%
Nessun quiz corrispondente trovato
Distribuzione punteggi
Percentuale di utenti per punteggio
Percentile per numero di risposta
I tuoi punteggi nel tempo
Non hai fatto questo quiz dall'ultimo reset